<?xml version="1.0" encoding="UTF-8"?>
<record
    xmlns:xsi="http://www.w3.org/2001/XMLSchema-instance"
    xsi:schemaLocation="http://www.loc.gov/MARC21/slim http://www.loc.gov/standards/marcxml/schema/MARC21slim.xsd"
    xmlns="http://www.loc.gov/MARC21/slim">

  <leader>01291    a2200193   4500</leader>
  <controlfield tag="003">NUST</controlfield>
  <controlfield tag="005">20230130141534.0</controlfield>
  <datafield tag="010" ind1=" " ind2=" ">
    <subfield code="a">12024756</subfield>
  </datafield>
  <datafield tag="040" ind1=" " ind2=" ">
    <subfield code="c">Nust</subfield>
  </datafield>
  <datafield tag="082" ind1=" " ind2=" ">
    <subfield code="a">920,THE</subfield>
  </datafield>
  <datafield tag="100" ind1=" " ind2=" ">
    <subfield code="a">Byron, George Gordon Byron, Baron,</subfield>
    <subfield code="9">108096</subfield>
  </datafield>
  <datafield tag="245" ind1=" " ind2=" ">
    <subfield code="a">Poetical works of Lord Byron /</subfield>
    <subfield code="c">Lord Byron</subfield>
  </datafield>
  <datafield tag="260" ind1=" " ind2=" ">
    <subfield code="a">New York,</subfield>
    <subfield code="b">The Clover press, inc</subfield>
    <subfield code="c">1912</subfield>
  </datafield>
  <datafield tag="300" ind1=" " ind2=" ">
    <subfield code="a">x, 924 p.;</subfield>
    <subfield code="b"> front. (port.)</subfield>
    <subfield code="c"> 21 cm</subfield>
  </datafield>
  <datafield tag="505" ind1=" " ind2=" ">
    <subfield code="a">Poems, Original and Translated (Page-1), Dear to Him (Page-2), To-E- (Page-3), Founded on Facts (Page-4), Marsus (Page-50, K.T.A. (page-60, To  M.S.G (Page-7), To The Same (Page-8), The First Kiss of Love (Page-90, The Marriage of Miss Chaworth (Page-11), Hill (Page-12), The Woman (Page-13), Love's Last Adieu (Page-14), To Marion (Page-150, Oscar of Alva A Tale (Page-16), The Tear (Page-27), La chin y Gair (Page--29), Elegy on New stead Abbey (Page-30), To George, Earl Delawarr (Page-44), On Finding A Fan (Page-49), Well Thou Art Happy (Page-53), Lines in the Tranvellers book Orchomenus (Page-59), Farcical Opera (Page-61), Hebrew Melodies (Page-76), Domestic Pieces 1816 (Page-85), Satires (Page-111), The Deformed Transformed (Page-595).</subfield>
  </datafield>
  <datafield tag="600" ind1=" " ind2=" ">
    <subfield code="a">Byron, George Gordon Byron, Baron,</subfield>
    <subfield code="9">108096</subfield>
  </datafield>
  <datafield tag="650" ind1=" " ind2=" ">
    <subfield code="a">Life of Byron</subfield>
    <subfield code="9">108097</subfield>
  </datafield>
  <datafield tag="942" ind1=" " ind2=" ">
    <subfield code="2">ddc</subfield>
    <subfield code="c">BK</subfield>
    <subfield code="k">920,THE</subfield>
  </datafield>
  <datafield tag="999" ind1=" " ind2=" ">
    <subfield code="c">187122</subfield>
    <subfield code="d">187122</subfield>
  </datafield>
  <datafield tag="952" ind1=" " ind2=" ">
    <subfield code="0">0</subfield>
    <subfield code="1">0</subfield>
    <subfield code="2">ddc</subfield>
    <subfield code="4">0</subfield>
    <subfield code="7">0</subfield>
    <subfield code="a">MCS</subfield>
    <subfield code="b">MCS</subfield>
    <subfield code="c">GEN</subfield>
    <subfield code="d">2016-12-12</subfield>
    <subfield code="o">920,THE</subfield>
    <subfield code="p">MCS29966</subfield>
    <subfield code="r">2016-12-08</subfield>
    <subfield code="w">2016-12-12</subfield>
    <subfield code="y">BK</subfield>
    <subfield code="z">Almirah No.59, Shelf No.4</subfield>
  </datafield>
</record>
